[Event "47th GRE-chT 2019"]
[Site "Patra"]
[Date "2019.07.06"]
[Round "7.29"]
[White "Patrelakis, Evaggelos"]
[Black "Koutlas, Nikolaos"]
[Result "1-0"]
[WhiteElo "2209"]
[BlackElo "1969"]
[Annotator "NA"]
[PlyCount "144"]
[EventDate "2019.07.02"]
[EventCountry "GRE"]
[SourceTitle "playchess.com"]
[Source "ChessBase"]
[SourceQuality "1"]
[TimeControl "5400+30"]

1. e4 {[%emt 0:00:00]} c5 {[%emt 0:00:00]} 2. Nf3 {[%emt 0:00:00]} Nc6 {[%emt 0:00:00]} 3. d4 {[%emt 0:00:00]} cxd4 {[%emt 0:00:00]} 4. Nxd4 {[%emt 0:00:06]} Nf6 {[%emt 0:00:00]} 5. Nc3 {[%emt 0:00:06]} d6 {[%emt 0:00:11]} 6. Bg5 {[%emt 0:00:27]} e6 {[%emt 0:00:11]} 7. Qd2 {[%emt 0:00:09]} a6 {[%emt 0:00:09]} 8. O-O-O {[%emt 0:00:13]} Be7 {[%emt 0:00:11]} 9. f4 {[%emt 0:00:49]} Bd7 {[%emt 0:00:50]} 10. Nf3 {[%emt 0:01:09]} b5 {[%emt 0:00:54]} 11. e5 {[%emt 0:01:31]} dxe5 {[%emt 0:04:52]} 12. fxe5 {[%emt 0:02:05]} Nd5 {[%emt 0:04:58]} 13. Nxd5 {[%emt 0:02:16]} exd5 {[%emt 0:00:33]} 14. Bxe7 {[%emt 0:05:13]} Nxe7 {[%emt 0:00:53]} 15. Bd3 {[%emt 0:01:05]} Rc8 {[%emt 0:07:05]} 16. h3 {[%emt 0:06:40]} Bf5 {[%emt 0:03:11]} 17. Bxf5 {[%emt 0:00:00]} Nxf5 {[%emt 0:00:09]} 18. Rhe1 {[%emt 0:01:02]} O-O {[%emt 0:08:54]} 19. Qxd5 {[%emt 0:01:44]} Qa5 {[%emt 0:06:32]} 20. e6 {[%emt 0:05:14]} fxe6 {[%emt 0:00:47]} 21. Qxe6+ {[%emt 0:00:19]} Kh8 {[%emt 0:00:10]} 22. Kb1 {[%emt 0:01:44]} Qc7 {[%emt 0:04:32]} 23. c3 {[%emt 0:06:11]} Rf6 {[%emt 0:11:06]} 24. Qd7 {[%emt 0:01:47]} Qxd7 {[%emt 0:00:35]} 25. Rxd7 {[%emt 0:00:03]} h6 {[%emt 0:02:15]} 26. Re4 {[%emt 0:06:00]} Rcf8 {[%emt 0:05:42]} 27. b3 {[%emt 0:04:50]} Rg6 {[%emt 0:09:14]} 28. Re2 {[%emt 0:08:01]} Ng3 {[%emt 0:02:23]} 29. Rc2 {[%emt 0:01:57]} Nf5 {[%emt 0:02:47]} 30. Rd3 {[%emt 0:00:44]} Re8 {[%emt 0:01:11]} 31. g4 {[%emt 0:03:33]} Nd6 {[%emt 0:01:39]} 32. Kb2 {[%emt 0:00:34]} Rge6 {[%emt 0:02:37]} 33. Nd2 {[%emt 0:08:12]} Nf7 {[%emt 0:04:00]} 34. c4 {[%emt 0:00:53]} Ne5 {[%emt 0:01:23]} 35. Rd5 {[%emt 0:01:33]} bxc4 {[%emt 0:01:15]} 36. Nxc4 {[%emt 0:00:52]} Nxc4+ {[%emt 0:01:33]} 37. Rxc4 {[%emt 0:00:42]} Re2+ {[%emt 0:01:27]} 38. Rc2 {[%emt 0:02:38]} Rxc2+ {[%emt 0:00:33]} 39. Kxc2 {[%emt 0:00:02]} Re2+ {[%emt 0:00:24]} 40. Rd2 {[%emt 0:00:00]} Re3 {[%emt 0:00:00]} 41. Rd3 {[%emt 0:00:00]} Re2+ {[%emt 0:00:00]} 42. Kb1 {[%emt 0:00:00]} Kg8 {[%emt 0:00:00]} 43. b4 {[%emt 0:00:00]} Kf7 {[%emt 0:00:00]} 44. a4 {[%emt 0:00:00]} Ke6 {[%emt 0:00:00]} 45. b5 {[%emt 0:00:00]} axb5 {[%emt 0:00:00]} 46. axb5 {[%emt 0:00:00]} Re5 {[%emt 0:00:00]} 47. Rb3 {[%emt 0:00:00]} Kd7 {[%emt 0:00:00]} 48. Kc2 {[%emt 0:00:00]} h5 {[%emt 0:00:00]} 49. Kd3 {[%emt 0:00:00]} hxg4 {[%emt 0:00:00]} 50. hxg4 {[%emt 0:00:00]} Kc7 {[%emt 0:00:00]} 51. b6+ {[%emt 0:00:00]} Kb7 {[%emt 0:00:00]} 52. Rb4 {[%emt 0:00:00]} g5 {[%emt 0:03:01]} 53. Kd4 {[%emt 0:00:04]} Re1 {[%emt 0:03:59]} 54. Kd5 {[%emt 0:02:42]} Rf1 {[%emt 0:01:01]} 55. Ke5 {[%emt 0:00:32]} Rf2 {[%emt 0:00:56]} 56. Kd5 {[%emt 0:02:32]} Rf8 {[%emt 0:04:20]} 57. Re4 {[%emt 0:01:45]} Kxb6 {[%emt 0:00:46]} 58. Re5 {[%emt 0:00:09]} Rg8 {[%emt 0:01:09]} 59. Ke6 {[%emt 0:00:21]} Kc6 {[%emt 0:01:45]} 60. Kf7 {[%emt 0:00:56]} Kd6 {[%emt 0:01:17]} 61. Rf5 {[%emt 0:00:26]} Rc8 {[%emt 0:01:43]} 62. Kf6 {[%emt 0:05:27]} Rg8 {[%emt 0:02:42]} 63. Rxg5 {[%emt 0:00:27]} Rf8+ {[%emt 0:00:20]} 64. Kg7 {[%emt 0:00:05]} Rf4 {[%emt 0:00:28]} 65. Rg6+ {[%emt 0:01:02]} Ke5 {[%emt 0:02:59]} 66. Kh6 {[%emt 0:00:05]} Rf1 {[%emt 0:00:33]} 67. Ra6 {[%emt 0:00:32]} Rh1+ {[%emt 0:00:12]} 68. Kg6 {[%emt 0:00:11]} Rg1 {[%emt 0:00:25]} 69. g5 {[%emt 0:00:06]} Rh1 {[%emt 0:00:15]} 70. Kg7 {[%emt 0:00:28]} Rg1 {[%emt 0:00:28]} 71. g6 {[%emt 0:00:08]} Rg2 {[%emt 0:00:15]} 72. Kf7 {[%emt 0:00:54]} Kd5 1-0

[Event "47th GRE-chT 2019"]
[Site "Patra"]
[Date "2019.07.06"]
[Round "7.30"]
[White "Dogias, Christos"]
[Black "Karavitaki, Antonia"]
[Result "1/2-1/2"]
[WhiteElo "1409"]
[BlackElo "1481"]
[Annotator "NA"]
[PlyCount "110"]
[EventDate "2019.07.02"]
[EventCountry "GRE"]
[SourceTitle "playchess.com"]
[Source "ChessBase"]
[SourceQuality "1"]
[TimeControl "5400+30"]

1. e4 {[%emt 0:00:00]} c5 {[%emt 0:00:00]} 2. Nf3 {[%emt 0:00:00]} g6 {[%emt 0:00:00]} 3. d4 {[%emt 0:00:00]} cxd4 {[%emt 0:00:34]} 4. Nxd4 {[%emt 0:00:15]} Bg7 {[%emt 0:01:00]} 5. Be3 {[%emt 0:02:17]} Nc6 {[%emt 0:00:59]} 6. Nc3 {[%emt 0:00:58]} Nf6 {[%emt 0:01:33]} 7. Be2 {[%emt 0:00:52]} O-O {[%emt 0:01:18]} 8. O-O {[%emt 0:05:59]} d5 {[%emt 0:02:13]} 9. exd5 {[%emt 0:01:18]} Nxd5 {[%emt 0:00:52]} 10. Nxd5 {[%emt 0:06:36]} Nxd4 {[%emt 0:00:52]} 11. Bxd4 {[%emt 0:00:16]} Qxd5 {[%emt 0:00:08]} 12. Bxg7 {[%emt 0:00:24]} Qxd1 {[%emt 0:00:10]} 13. Raxd1 {[%emt 0:00:13]} Kxg7 {[%emt 0:00:10]} 14. Bf3 {[%emt 0:01:44]} Bf5 {[%emt 0:00:15]} 15. c3 {[%emt 0:06:40]} Rac8 {[%emt 0:01:01]} 16. Rfe1 {[%emt 0:07:21]} Kf6 {[%emt 0:02:53]} 17. Re2 {[%emt 0:02:21]} b6 {[%emt 0:00:48]} 18. Rde1 {[%emt 0:01:25]} Rc7 {[%emt 0:00:17]} 19. h4 {[%emt 0:02:41]} h6 {[%emt 0:00:37]} 20. Be4 {[%emt 0:01:42]} Be6 {[%emt 0:00:26]} 21. a3 {[%emt 0:01:22]} Rd8 {[%emt 0:02:11]} 22. Re3 {[%emt 0:02:42]} Rcd7 {[%emt 0:01:12]} 23. Rf3+ {[%emt 0:00:32]} Kg7 {[%emt 0:01:15]} 24. Kh2 {[%emt 0:00:47]} Rd2 {[%emt 0:00:07]} 25. Rg3 {[%emt 0:04:02]} Bc4 {[%emt 0:00:06]} 26. h5 {[%emt 0:04:18]} g5 {[%emt 0:00:16]} 27. f4 {[%emt 0:05:58]} f6 {[%emt 0:00:13]} 28. Bf5 {[%emt 0:14:40]} e5 {[%emt 0:00:16]} 29. fxe5 {[%emt 0:00:08]} fxe5 {[%emt 0:01:11]} 30. Rxe5 {[%emt 0:01:11]} Kf6 {[%emt 0:00:04]} 31. Rge3 {[%emt 0:00:33]} Rxb2 {[%emt 0:00:38]} 32. Bg4 {[%emt 0:11:31]} Rf8 {[%emt 0:02:04]} 33. Rf5+ {[%emt 0:00:18]} Kg7 {[%emt 0:00:08]} 34. Re7+ {[%emt 0:06:46]} Kg8 {[%emt 0:00:26]} 35. Rxa7 {[%emt 0:00:25]} Rxf5 {[%emt 0:00:04]} 36. Bxf5 {[%emt 0:00:23]} Bd5 {[%emt 0:00:05]} 37. Bh3 {[%emt 0:04:32]} Rc2 {[%emt 0:00:32]} 38. Ra6 {[%emt 0:00:17]} Rb2 {[%emt 0:01:04]} 39. a4 {[%emt 0:03:44]} Bc4 {[%emt 0:00:00]} 40. Ra8+ {[%emt 0:00:00]} Kg7 {[%emt 0:00:00]} 41. a5 {[%emt 0:00:00]} bxa5 {[%emt 0:00:00]} 42. Rxa5 {[%emt 0:00:00]} Rc2 {[%emt 0:00:00]} 43. Ra7+ {[%emt 0:00:00]} Kh8 {[%emt 0:00:00]} 44. Rh7+ {[%emt 0:00:00]} Kxh7 {[%emt 0:00:00]} 45. Bf5+ {[%emt 0:00:00]} Kg7 {[%emt 0:00:00]} 46. Bxc2 {[%emt 0:00:00]} Kf6 {[%emt 0:00:00]} 47. g4 {[%emt 0:00:00]} Ke5 {[%emt 0:00:00]} 48. Kg3 {[%emt 0:00:00]} Kd5 {[%emt 0:00:00]} 49. Kf3 {[%emt 0:00:00]} Ke5 {[%emt 0:00:00]} 50. Bf5 {[%emt 0:00:00]} Kd5 {[%emt 0:00:00]} 51. Ke3 {[%emt 0:00:00]} Ke5 {[%emt 0:00:00]} 52. Be4 {[%emt 0:00:00]} Be6 {[%emt 0:00:00]} 53. Bf3 {[%emt 0:00:00]} Bc4 {[%emt 0:00:00]} 54. Bd1 {[%emt 0:00:00]} Bb5 {[%emt 0:00:00]} 55. Bb3 {[%emt 0:00:00]} Bd7 {[%emt 0:00:00] Ke4+ Bc8+} 1/2-1/2

[Event "47th GRE-chT 2019"]
[Site "Patra"]
[Date "2019.07.06"]
[Round "7.31"]
[White "Nevednichy, Vladislav"]
[Black "Navara, David"]
[Result "1/2-1/2"]
[WhiteElo "2531"]
[BlackElo "2734"]
[Annotator "TA"]
[PlyCount "93"]
[EventDate "2019.07.02"]
[EventCountry "GRE"]
[SourceTitle "playchess.com"]
[Source "ChessBase"]
[SourceQuality "1"]

{[%evp 12,93,23,36,24,33,28,52,45,50,55,20,16,25,37,20,16,14,33,0,0,0,0,0,23,17,47,31,47,45,72,83,92,0,0,0,0,0,0,0,0,0,0,0,0,0,0,0,0,0,0,0,0,0,0,0,0,0,0,0,0,0,0,0,0,0,0,0,0,0,0,0,0,0,0,0,0,0,0,0,0,0,0,0]} 1. e4 c5 2. Nf3 e6 3. d4 cxd4 4. Nxd4 Nf6 5. Nc3 Nc6 6. Ndb5 Bc5 7. Bf4 {[#] And now Nc7+ would win.} O-O {B45: Sicilian Four Knights} 8. Bc7 (8. e5 a6 9. Nd6 Bxd6 10. Qxd6 Qb6 11. exf6 Qxb2 12. Kd2 Qxa1 13. Bh6 Re8 14. fxg7 Ne7 15. g4 {1-0 (30) Dubov,D (2703)-Basso,P (2521) Skopje 2019}) 8... Qe7 9. Bd6 $1 {[%cal Rd6e7]} Bxd6 {White is slightly better.} 10. Qxd6 Qd8 11. O-O-O (11. Nc7 $5 {[%cal Rc7a8]} Ne8 12. Nxe8 Rxe8 13. O-O-O $14) 11... a6 12. Nd4 $1 Ne7 13. Qg3 $146 ({Predecessor:} 13. h4 b5 14. f3 Bb7 15. Nb3 {½-½ (43) Ladron de Guevara Pinto,P (2429)-Basso,P (2516) Brixen Bressanone 2019}) 13... b5 {White should prevent ...b4.} 14. e5 Nfd5 15. Nxd5 Nxd5 16. Nf5 $36 {[%mdl 2048] White is pushing.} exf5 17. Rxd5 Qa5 18. a3 $1 Bb7 19. Rd4 Rae8 20. f4 Re6 21. Bd3 Rg6 {[#]} 22. Qe1 (22. Qe3 $1 $16) 22... Qxe1+ $11 {The position is equal.} 23. Rxe1 {Threatens to win with g3.} Rxg2 24. Bxf5 Rxh2 25. Bxd7 Bc8 26. f5 {e6 is the strong threat.} Bxd7 27. Rxd7 {[%mdl 4096] Endgame KRR-KRR} Rf2 28. e6 fxe6 29. Rg1 g6 30. fxg6 Rf1+ 31. Rxf1 Rxf1+ {KR-KR} 32. Kd2 hxg6 33. Rd6 Kf7 34. Rxa6 g5 35. Ra5 Rf5 36. a4 bxa4 37. Rxa4 Kf6 38. Ke3 Rf1 39. Ra8 {Hoping for Rf8+.} Kf7 40. b4 g4 {aiming for ...g3.} 41. c4 Rf3+ 42. Ke4 Rb3 43. b5 g3 44. Ra2 Kf6 45. Rg2 e5 46. b6 Rxb6 47. Rxg3 {Accuracy: White = 78%, Black = 78%.} 1/2-1/2

[Event "47th GRE-chT 2019"]
[Site "Patra"]
[Date "2019.07.06"]
[Round "7.32"]
[White "Nikolaidis, Ioannis"]
[Black "Papadopoulos, Georgios"]
[Result "0-1"]
[WhiteElo "2534"]
[BlackElo "2378"]
[Annotator "ChessBase"]
[PlyCount "92"]
[EventDate "2019.07.02"]
[EventCountry "GRE"]
[SourceTitle "playchess.com"]
[Source "ChessBase"]
[SourceQuality "1"]
[TimeControl "5400+30"]

1. d4 {[%emt 0:00:04]} Nf6 {[%emt 0:00:11]} 2. c4 {[%emt 0:00:06]} g6 {[%emt 0:00:40]} 3. Nc3 {[%emt 0:00:12]} Bg7 {[%emt 0:00:06]} 4. e4 {[%emt 0:00:04]} d6 {[%emt 0:00:32]} 5. Nf3 {[%emt 0:00:08]} O-O {[%emt 0:00:11]} 6. Be2 {[%emt 0:01:00]} Bg4 {[%emt 0:00:22]} 7. Be3 {[%emt 0:00:59]} Nfd7 {[%emt 0:01:53]} 8. Rc1 {[%emt 0:00:09]} e5 {[%emt 0:00:56]} 9. d5 {[%emt 0:00:04]} a5 {[%emt 0:09:55]} 10. h3 {[%emt 0:00:19]} Bxf3 {[%emt 0:00:02]} 11. Bxf3 {[%emt 0:00:33]} Na6 {[%emt 0:00:02]} 12. h4 {[%emt 0:07:04]} f5 {[%emt 0:01:52]} 13. h5 {[%emt 0:18:16]} Nb4 {[%emt 0:08:45]} 14. Rb1 {[%emt 0:08:53]} f4 {[%emt 0:07:05]} 15. Bc1 {[%emt 0:00:06]} Nc5 {[%emt 0:09:54]} 16. Kf1 {[%emt 0:04:15]} a4 {[%emt 0:08:19]} 17. Be2 {[%emt 0:21:22]} gxh5 {[%emt 0:00:00]} 18. Rxh5 {[%emt 0:00:00]} Qe8 {[%emt 0:08:24]} 19. Rh3 {[%emt 0:08:09]} Rf6 {[%emt 0:09:28]} 20. Bg4 {[%emt 0:02:17]} Rh6 {[%emt 0:00:44]} 21. Rxh6 {[%emt 0:00:05]} Bxh6 {[%emt 0:01:24]} 22. Bf5 {[%emt 0:02:37]} Qe7 {[%emt 0:02:07]} 23. Qh5 {[%emt 0:03:11]} Qg5 {[%emt 0:01:15]} 24. Qxg5+ {[%emt 0:00:05]} Bxg5 {[%emt 0:00:59]} 25. Bd2 {[%emt 0:02:39]} c6 {[%emt 0:08:41]} 26. g4 {[%emt 0:08:23]} Nbd3 {[%emt 0:03:26]} 27. f3 {[%emt 0:01:55]} Ra6 {[%emt 0:01:35]} 28. Ke2 {[%emt 0:03:01]} Nb4 {[%emt 0:08:16]} 29. b3 {[%emt 0:02:56]} axb3 {[%emt 0:01:31]} 30. axb3 {[%emt 0:01:06]} Nc2 {[%emt 0:03:06]} 31. dxc6 {[%emt 0:01:16]} Nd4+ {[%emt 0:00:17]} 32. Kf2 {[%emt 0:00:20]} Rxc6 {[%emt 0:02:03]} 33. Nb5 {[%emt 0:03:10]} Nd3+ {[%emt 0:00:51]} 34. Kf1 {[%emt 0:01:41]} Nxf3 {[%emt 0:01:10]} 35. Bc3 {[%emt 0:00:23]} Nh4 {[%emt 0:00:51]} 36. Be6+ {[%emt 0:00:28]} Kf8 {[%emt 0:00:11]} 37. b4 {[%emt 0:00:39]} f3 {[%emt 0:00:42]} 38. Bd5 {[%emt 0:00:07]} Ra6 {[%emt 0:00:40]} 39. Rd1 {[%emt 0:00:34]} Nf4 {[%emt 0:00:00]} 40. Ra1 {[%emt 0:00:00]} Rxa1+ {[%emt 0:00:00]} 41. Bxa1 {[%emt 0:00:00]} Nd3 {[%emt 0:00:00]} 42. Nxd6 {[%emt 0:00:00]} f2 {[%emt 0:00:00]} 43. Nf5 {[%emt 0:00:00]} Nf3 {[%emt 0:00:00]} 44. Ke2 {[%emt 0:00:00]} Nh2 {[%emt 0:00:00]} 45. Ng3 {[%emt 0:00:00]} Bh4 {[%emt 0:00:00]} 46. Nf1 {[%emt 0:00:00]} Nf4+ {[%emt 0:00:00]} 0-1

[Event "47th GRE-chT 2019"]
[Site "Patra"]
[Date "2019.07.06"]
[Round "7.33"]
[White "Sigalas, Frangiskos"]
[Black "Koutoukidis, Panagiotis"]
[Result "1/2-1/2"]
[WhiteElo "2228"]
[BlackElo "2344"]
[Annotator "NA"]
[PlyCount "74"]
[EventDate "2019.07.02"]
[EventCountry "GRE"]
[SourceTitle "playchess.com"]
[Source "ChessBase"]
[SourceQuality "1"]
[TimeControl "5400+30"]

1. e3 {[%emt 0:01:32]} d5 {[%emt 0:00:26]} 2. d3 {[%emt 0:00:06]} e5 {[%emt 0:00:07]} 3. d4 {[%emt 0:00:05]} Nc6 {[%emt 0:00:10]} 4. Bb5 {[%emt 0:00:09]} Nge7 {[%emt 0:00:05]} 5. Nf3 {[%emt 0:01:03]} e4 {[%emt 0:00:31]} 6. Nfd2 {[%emt 0:00:07]} f5 {[%emt 0:00:52]} 7. O-O {[%emt 0:00:24]} a6 {[%emt 0:00:39]} 8. Be2 {[%emt 0:00:08]} Be6 {[%emt 0:02:55]} 9. c4 {[%emt 0:05:02]} Qd7 {[%emt 0:02:40]} 10. Nc3 {[%emt 0:01:38]} dxc4 {[%emt 0:07:44]} 11. Nxc4 {[%emt 0:11:01]} O-O-O {[%emt 0:04:36]} 12. a3 {[%emt 0:18:30]} Nd5 {[%emt 0:01:06]} 13. Qc2 {[%emt 0:21:52]} Qf7 {[%emt 0:15:56]} 14. Nxd5 {[%emt 0:11:13]} Bxd5 {[%emt 0:01:10]} 15. Rd1 {[%emt 0:00:22]} g5 {[%emt 0:02:44]} 16. b4 {[%emt 0:05:04]} f4 {[%emt 0:01:28]} 17. Bf1 {[%emt 0:07:13]} f3 {[%emt 0:03:34]} 18. Ne5 {[%emt 0:01:25]} Nxe5 {[%emt 0:06:04]} 19. dxe5 {[%emt 0:00:13]} Bg7 {[%emt 0:02:58]} 20. Bb2 {[%emt 0:00:25]} Qe6 {[%emt 0:01:27]} 21. Rac1 {[%emt 0:01:03]} Bxe5 {[%emt 0:01:21]} 22. Bxe5 {[%emt 0:01:36]} Qxe5 {[%emt 0:00:53]} 23. Rd4 {[%emt 0:02:15]} fxg2 {[%emt 0:08:01]} 24. Bxg2 {[%emt 0:00:08]} Bc6 {[%emt 0:00:17]} 25. Rc4 {[%emt 0:03:28]} Kb8 {[%emt 0:13:44]} 26. Bxe4 {[%emt 0:03:07]} Bxe4 {[%emt 0:00:14]} 27. Rxe4 {[%emt 0:00:28]} Qg7 {[%emt 0:00:32]} 28. Qc5 {[%emt 0:03:07]} Rd7 {[%emt 0:00:37]} 29. Qe5 {[%emt 0:00:24]} Rhd8 {[%emt 0:02:57]} 30. Qxg7 {[%emt 0:00:37]} Rxg7 {[%emt 0:00:02]} 31. Rc5 {[%emt 0:00:43]} Rd1+ {[%emt 0:02:24]} 32. Kg2 {[%emt 0:00:07]} Ra1 {[%emt 0:00:04]} 33. Rg4 {[%emt 0:01:00]} h6 {[%emt 0:00:42]} 34. h4 {[%emt 0:00:10]} Rxa3 {[%emt 0:04:44]} 35. hxg5 {[%emt 0:00:06]} hxg5 {[%emt 0:00:14]} 36. Rgxg5 {[%emt 0:00:13]} Rf7 {[%emt 0:02:19]} 37. Rgf5 {[%emt 0:00:22]} Rg7+ {[%emt 0:01:51]} 1/2-1/2

[Event "47th GRE-chT 2019"]
[Site "Patra"]
[Date "2019.07.06"]
[Round "7.34"]
[White "Nikolaou, Georgios"]
[Black "Tzouganakis, Panteleimon"]
[Result "1/2-1/2"]
[WhiteElo "2202"]
[BlackElo "2197"]
[Annotator "NA RC"]
[PlyCount "23"]
[EventDate "2019.07.02"]
[EventCountry "GRE"]
[SourceTitle "playchess.com"]
[Source "ChessBase"]
[SourceQuality "1"]
[TimeControl "5400+30"]

1. d4 {[%emt 0:00:00]} Nf6 {[%emt 0:08:08]} 2. Nf3 {[%emt 0:00:00]} g6 {[%emt 0:00:16]} 3. g3 {[%emt 0:00:06]} Bg7 {[%emt 0:00:07]} 4. Bg2 {[%emt 0:00:15]} O-O {[%emt 0:00:06]} 5. O-O {[%emt 0:00:11]} d6 {[%emt 0:00:09]} 6. c4 {[%emt 0:00:16]} Nc6 {[%emt 0:00:38]} 7. Nc3 {[%emt 0:00:42]} a6 {[%emt 0:00:43]} 8. Bf4 {[%emt 0:00:43]} Nh5 {[%emt 0:00:07]} 9. Bc1 {[%emt 0:00:09]} Nf6 {[%emt 0:00:07]} 10. Bf4 {[%emt 0:00:08]} Nh5 {[%emt 0:00:07]} 11. Bc1 {[%emt 0:00:06]} Nf6 {[%emt 0:00:41]} 12. Bf4 {[%emt 0:06:04]} 1/2-1/2

[Event "47th GRE-chT 2019"]
[Site "Patra"]
[Date "2019.07.06"]
[Round "7.35"]
[White "Bulmaga, Irina"]
[Black "Hristodoulaki, Antonia"]
[Result "1-0"]
[WhiteElo "2435"]
[BlackElo "2033"]
[Annotator "NA"]
[PlyCount "71"]
[EventDate "2019.07.02"]
[EventCountry "GRE"]
[SourceTitle "playchess.com"]
[Source "ChessBase"]
[SourceQuality "1"]
[TimeControl "5400+30"]

1. e4 {[%emt 0:00:58]} e6 {[%emt 0:00:00]} 2. d4 {[%emt 0:00:11]} d5 {[%emt 0:00:00]} 3. Nc3 {[%emt 0:00:06]} Nf6 {[%emt 0:00:00]} 4. Bg5 {[%emt 0:00:06]} dxe4 {[%emt 0:00:00]} 5. Nxe4 {[%emt 0:00:05]} Be7 {[%emt 0:00:01]} 6. Bxf6 {[%emt 0:01:00]} gxf6 {[%emt 0:00:07]} 7. Qd3 {[%emt 0:00:06]} Nc6 {[%emt 0:09:09]} 8. O-O-O {[%emt 0:14:18]} Nb4 {[%emt 0:06:10]} 9. Qb3 {[%emt 0:04:57]} Qd5 {[%emt 0:01:59]} 10. Qxb4 {[%emt 0:04:23]} Qxe4 {[%emt 0:10:47]} 11. Qd2 {[%emt 0:07:44]} Bd7 {[%emt 0:04:50]} 12. Ne2 {[%emt 0:02:53]} Bd6 {[%emt 0:07:27]} 13. Kb1 {[%emt 0:02:28]} O-O-O {[%emt 0:04:44]} 14. f3 {[%emt 0:02:28]} Qf5 {[%emt 0:06:15]} 15. a3 {[%emt 0:07:38]} Bc6 {[%emt 0:04:19]} 16. Nc3 {[%emt 0:00:19]} Bf4 {[%emt 0:03:22]} 17. Qf2 {[%emt 0:00:51]} Qa5 {[%emt 0:11:08]} 18. Bc4 {[%emt 0:06:51]} b5 {[%emt 0:06:29]} 19. Bb3 {[%emt 0:04:11]} Qb6 {[%emt 0:00:14]} 20. Ne2 {[%emt 0:02:13]} Bd6 {[%emt 0:01:46]} 21. Qh4 {[%emt 0:00:29]} Be7 {[%emt 0:00:51]} 22. Qh5 {[%emt 0:00:44]} Be8 {[%emt 0:02:07]} 23. Qg4 {[%emt 0:04:42]} c5 {[%emt 0:08:02]} 24. dxc5 {[%emt 0:00:45]} Qxc5 {[%emt 0:00:35]} 25. Qg7 {[%emt 0:02:24]} Rf8 {[%emt 0:02:18]} 26. Rxd8+ {[%emt 0:00:09]} Bxd8 {[%emt 0:00:25]} 27. Qxh7 {[%emt 0:00:52]} Qe5 {[%emt 0:02:23]} 28. Qd3 {[%emt 0:01:14]} Bc7 {[%emt 0:01:37]} 29. Nd4 {[%emt 0:07:04]} Bd7 {[%emt 0:01:21]} 30. g3 {[%emt 0:02:03]} Qc5 {[%emt 0:01:10]} 31. Rd1 {[%emt 0:02:40]} Rd8 {[%emt 0:00:55]} 32. c3 {[%emt 0:01:26]} e5 {[%emt 0:01:55]} 33. Nc2 {[%emt 0:05:12]} Kb8 {[%emt 0:03:27]} 34. Qe2 {[%emt 0:03:41]} Qe7 {[%emt 0:00:33]} 35. Nb4 {[%emt 0:00:28]} Qc5 {[%emt 0:00:34]} 36. Na6+ {[%emt 0:00:07]} 1-0

[Event "47th GRE-chT 2019"]
[Site "Patra"]
[Date "2019.07.06"]
[Round "7.36"]
[White "Chrysogelou, Athanasia-Panagiota"]
[Black "Georgitsi, Antigoni"]
[Result "1/2-1/2"]
[WhiteElo "1770"]
[BlackElo "1758"]
[Annotator "NA"]
[PlyCount "132"]
[EventDate "2019.07.02"]
[EventCountry "GRE"]
[SourceTitle "playchess.com"]
[Source "ChessBase"]
[SourceQuality "1"]
[TimeControl "5400+30"]

1. d4 {[%emt 0:07:26]} Nf6 {[%emt 0:00:00]} 2. c4 {[%emt 0:00:13]} e6 {[%emt 0:00:00]} 3. g3 {[%emt 0:01:09]} Bb4+ {[%emt 0:00:27]} 4. Nd2 {[%emt 0:01:25]} d5 {[%emt 0:01:34]} 5. Bg2 {[%emt 0:01:22]} O-O {[%emt 0:02:02]} 6. Qc2 {[%emt 0:01:35]} c6 {[%emt 0:00:20]} 7. Ngf3 {[%emt 0:00:42]} Nbd7 {[%emt 0:01:36]} 8. O-O {[%emt 0:00:56]} Bd6 {[%emt 0:04:50]} 9. Re1 {[%emt 0:03:40]} e5 {[%emt 0:08:36]} 10. dxe5 {[%emt 0:01:15]} Nxe5 {[%emt 0:00:29]} 11. Nxe5 {[%emt 0:00:24]} Bxe5 {[%emt 0:01:19]} 12. Nf3 {[%emt 0:02:45]} Bd6 {[%emt 0:06:12]} 13. Bg5 {[%emt 0:02:20]} h6 {[%emt 0:02:45]} 14. Bxf6 {[%emt 0:00:09]} Qxf6 {[%emt 0:00:11]} 15. cxd5 {[%emt 0:00:54]} cxd5 {[%emt 0:03:32]} 16. Red1 {[%emt 0:04:52]} Be6 {[%emt 0:04:09]} 17. Nd4 {[%emt 0:01:20]} Rac8 {[%emt 0:01:51]} 18. Qb3 {[%emt 0:02:17]} Bc5 {[%emt 0:01:11]} 19. e3 {[%emt 0:07:00]} Rfd8 {[%emt 0:06:24]} 20. a3 {[%emt 0:07:17]} a6 {[%emt 0:05:00]} 21. Qd3 {[%emt 0:04:37]} Bb6 {[%emt 0:06:10]} 22. Rac1 {[%emt 0:07:39]} Bg4 {[%emt 0:06:25]} 23. Re1 {[%emt 0:02:31]} Be6 {[%emt 0:00:54]} 24. Red1 {[%emt 0:07:55]} Bg4 {[%emt 0:00:11]} 25. Re1 {[%emt 0:02:54]} Be6 {[%emt 0:05:43]} 26. b4 {[%emt 0:05:49]} Rc4 {[%emt 0:03:59]} 27. Nxe6 {[%emt 0:01:11]} Qxe6 {[%emt 0:02:22]} 28. Rcd1 {[%emt 0:05:24]} d4 {[%emt 0:02:21]} 29. exd4 {[%emt 0:00:58]} Rcxd4 {[%emt 0:00:00]} 30. Rxe6 {[%emt 0:00:00]} Rxd3 {[%emt 0:02:41]} 31. Rxd3 {[%emt 0:01:39]} fxe6 {[%emt 0:03:48]} 32. Rxd8+ {[%emt 0:00:06]} Bxd8 {[%emt 0:00:43]} 33. Bxb7 {[%emt 0:00:22]} a5 {[%emt 0:02:40]} 34. b5 {[%emt 0:00:38]} a4 {[%emt 0:02:16]} 35. Be4 {[%emt 0:01:15]} Be7 {[%emt 0:03:28]} 36. b6 {[%emt 0:00:52]} Bxa3 {[%emt 0:00:18]} 37. Bc2 {[%emt 0:02:02]} Kf7 {[%emt 0:00:28]} 38. Bxa4 {[%emt 0:01:51]} Kf6 {[%emt 0:00:50]} 39. Kg2 {[%emt 0:03:13]} Kf5 {[%emt 0:00:00]} 40. Kf3 {[%emt 0:00:00]} Ke5 {[%emt 0:00:00]} 41. Kg4 {[%emt 0:00:00]} Kd6 {[%emt 0:00:00]} 42. b7 {[%emt 0:00:00]} Kc7 {[%emt 0:00:00]} 43. Bc6 {[%emt 0:00:00]} Bc5 {[%emt 0:00:00]} 44. f3 {[%emt 0:00:00]} Bg1 {[%emt 0:00:00]} 45. h3 {[%emt 0:00:00]} Bf2 {[%emt 0:03:50]} 46. Kf4 {[%emt 0:07:02]} Bc5 {[%emt 0:01:46]} 47. Be4 {[%emt 0:00:31]} Bd6+ {[%emt 0:00:34]} 48. Kg4 {[%emt 0:00:50]} Kd7 {[%emt 0:03:58]} 49. f4 {[%emt 0:00:56]} Ke7 {[%emt 0:01:42]} 50. Kf3 {[%emt 0:01:45]} Kf6 {[%emt 0:01:32]} 51. Bc6 {[%emt 0:01:26]} e5 {[%emt 0:00:56]} 52. fxe5+ {[%emt 0:00:18]} Kxe5 {[%emt 0:01:07]} 53. Ke3 {[%emt 0:01:48]} Bb8 {[%emt 0:00:51]} 54. Bg2 {[%emt 0:00:49]} Bc7 {[%emt 0:00:40]} 55. Be4 {[%emt 0:00:14]} Bb8 {[%emt 0:01:14]} 56. Kf3 {[%emt 0:00:26]} Bc7 {[%emt 0:00:19]} 57. Bc6 {[%emt 0:01:11]} Kd6 {[%emt 0:00:19]} 58. Be4 {[%emt 0:00:14]} Ke5 {[%emt 0:00:31]} 59. Bd3 {[%emt 0:00:25]} Bb8 {[%emt 0:01:14]} 60. Bb5 {[%emt 0:00:56]} Kd6 {[%emt 0:00:11]} 61. Bd3 {[%emt 0:00:26]} Ke5 {[%emt 0:00:19]} 62. Bg6 {[%emt 0:00:31]} Kf6 {[%emt 0:00:06]} 63. Be4 {[%emt 0:00:05]} Ke5 {[%emt 0:00:03]} 64. Bd3 {[%emt 0:00:32]} Kd4 {[%emt 0:00:34]} 65. Bc2 {[%emt 0:00:26]} Ke5 {[%emt 0:00:17]} 66. Bb1 {[%emt 0:00:11]} Bc7 {[%emt 0:00:43] Ke4+} 1/2-1/2